| 000 | 01326cam a22002891i 4500 | ||
|---|---|---|---|
| 003 | SA-RiAUC | ||
| 005 | 20250303101316.0 | ||
| 008 | 250303s2012 ku g 00010 ara c | ||
| 040 |
_aSA-MaUQU _bara _cSA-RiAUC _erda |
||
| 082 | 0 | 4 |
_a237.3 _qSA-RiAUC |
| 090 |
_a237.3 _bب ي ض |
||
| 100 | 1 |
_aالبيضاوي، عبد الله بن عمر بن محمد، _dتوفي 685 هجري _eمؤلف. |
|
| 245 | 1 | 0 |
_aتحفة الأبرار : _bشرح مصابيح السنة / _cعبد الله بن عمر بن محمد البيضاوي ؛ تحقيق ودراسة لجنة مختصة من المحققين بإشراف نور الدين طالب. |
| 246 | 3 | 0 | _aشرح مصابيح السنة |
| 250 | _aالطبعة الأولى. | ||
| 264 | 1 |
_aالكويت : _bدار الثقافة الإسلامية، _c2012 |
|
| 300 |
_a3 مجلد ؛ _c24 سم |
||
| 336 |
_aنص _btxt _2rdacontent _3كتاب |
||
| 337 |
_aبدون وسيط _bn _2rdamedia |
||
| 338 |
_aمجلد _bnc _2rdacarrier |
||
| 650 | 7 |
_aالحديث _xجوامع الفنون _2aucsh |
|
| 650 | 7 |
_aالحديث _xشرح _2aucsh |
|
| 700 | 1 |
_aطالب، نور الدين _eمشرف. |
|
| 700 | 1 | 2 |
_iشرح لـ (عمل) : _aالبغوي، الحسين بن مسعود بن محمد، _d436-510 هجري |
| 942 |
_2ddc _cBOOK |
||
| 949 |
_aSA-JeALM _d250303 _ukhaled123 _n1 |
||
| 999 |
_c6250 _d6250 |
||